Quick Pick: Angels & Devils in Songs Quiz Stats

Quiz Updated Jun 19, 2016

Challenge
Share
Tweet
Embed
Score 0/10 Timer 01:00
1 Play Today
% Correct
Heart
95.1%
Calling
86.2%
Georgia
85.5%
Sympathy
83.5%
Inside
77.4%
Hey
74.2%
Seven
69.8%
Earth
68.8%
Harlem
67.9%
Haircut
60%

Today's Daily Dose

You're not logged in!

Compare scores with friends on all Sporcle quizzes.
Sign Up with Email
OR
Log In

You Might Also Like...

Show Comments

Extras

Top Quizzes Today


Score Distribution

Your Account Isn't Verified!

In order to create a playlist on Sporcle, you need to verify the email address you used during registration. Go to your Sporcle Settings to finish the process.